[Event "Montreal op"]
[Site "Montreal"]
[Date "2018.09.09"]
[Round "5"]
[White "Poulin, Mathieu"]
[Black "Pare, Marc"]
[Result "0-1"]
[WhiteElo "1980"]
[BlackElo "1891"]
[PlyCount "34"]
[EventDate "2018.09.07"]
[EventType "swiss"]
[EventRounds "5"]
[EventCountry "CAN"]
[SourceTitle "CBM 186 Extra"]
[Source "ChessBase"]
[SourceDate "2018.08.24"]
[SourceVersion "1"]
[SourceVersionDate "2018.08.24"]
[SourceQuality "1"]

1. e4 d5 2. exd5 Nf6 3. d4 Nxd5 4. c4 Nb6 5. Nc3 e5 6. dxe5 Qxd1+ 7. Kxd1 Nc6 8. Nb5 Bg4+ 9. f3 0-0-0+ 10. Ke2 Be6 11. Be3 Nxc4 12. Rc1 a6 13. Na7+ Nxa7 14. Bxa7 Nxe5 15. Kf2 Rd2+ 16. Ke1 Rxb2 17. a3 Bxa3 0-1

[Event "Ste Foy Jeudi 2"]
[Site "Ste Foy"]
[Date "2018.08.16"]
[Round "4"]
[White "Pare, Marc"]
[Black "Cummins, Paul"]
[Result "1-0"]
[WhiteElo "2009"]
[BlackElo "1772"]
[PlyCount "67"]
[EventDate "2018.07.26"]
[EventType "swiss"]
[EventRounds "5"]
[EventCountry "CAN"]
[SourceTitle "EXT 2022"]
[Source "ChessBase"]
[SourceDate "2021.10.06"]
[SourceVersion "1"]
[SourceVersionDate "2021.10.06"]
[SourceQuality "1"]

1. e4 b6 2. d4 Bb7 3. Bd3 e6 4. Ne2 c5 5. c3 cxd4 6. cxd4 Nf6 7. Nbc3 Bb4 8. 0-0 h6 9. Ng3 Nc6 10. e5 Nd5 11. Nxd5 exd5 12. Be3 Bf8 13. Rc1 Ne7 14. e6 Rc8 15. exf7+ Kxf7 16. Qf3+ Kg8 17. Nh5 Qe8 18. g4 Qf7 19. Qg3 g6 20. Nf4 Bg7 21. Rxc8+ Bxc8 22. Rc1 Kh7 23. h4 Rf8 24. h5 Kg8 25. hxg6 Qe8 26. Nh5 Nxg6 27. Rxc8 Qxc8 28. Bxg6 Qc6 29. Bf5 Qa4 30. Nxg7 Kxg7 31. Qe5+ Kf7 32. Qxd5+ Ke8 33. Qe5+ Kd8 34. Bxh6 1-0

[Event "Canadian op"]
[Site "Quebec"]
[Date "2018.07.12"]
[Round "7"]
[White "Pare, Marc"]
[Black "Bernatchez, Dan"]
[Result "0-1"]
[WhiteElo "1984"]
[BlackElo "1793"]
[PlyCount "98"]
[EventDate "2018.07.07"]
[EventType "swiss"]
[EventRounds "9"]
[EventCountry "CAN"]
[SourceTitle "EXT 2019"]
[Source "ChessBase"]
[SourceDate "2018.10.10"]
[SourceVersion "1"]
[SourceVersionDate "2018.10.10"]
[SourceQuality "1"]

1. e4 c5 2. Nf3 Nc6 3. c3 d5 4. exd5 Qxd5 5. d4 e6 6. Be2 Nf6 7. 0-0 Be7 8. Na3 0-0 9. Nc2 cxd4 10. Nfxd4 e5 11. Ne3 Qc5 12. Nb3 Qb6 13. Nc4 Qc7 14. f4 e4 15. f5 b5 16. Bf4 Qd8 17. Ne3 Qb6 18. Kh1 Rd8 19. Qc2 a5 20. Rad1 Bb7 21. Nd2 Rac8 22. Qb1 Nb8 23. Ng4 Nbd7 24. Nb3 Nxg4 25. Bxg4 Bf6 26. Be2 b4 27. c4 a4 28. Nd2 Qd4 29. b3 e3 30. bxa4 exd2 31. Rxd2 Qe4 32. Bd3 Qc6 33. Rfd1 Nc5 34. Bf1 Rxd2 35. Bxd2 Ne4 36. Be1 Bc3 37. Qc2 Qf6 38. Bd3 Qxf5 39. Bxc3 Nf2+ 40. Kg1 Nxd3 41. Qxd3 Qxd3 42. Rxd3 bxc3 43. Rxc3 Rc5 44. Kf2 Ba6 45. Ke3 Rxc4 46. Rxc4 Bxc4 47. a3 f5 48. g3 Kf7 49. a5 Kf6 0-1

[Event "Canadian op"]
[Site "Quebec"]
[Date "2018.07.11"]
[Round "6"]
[White "Malakhovets, Sergey"]
[Black "Pare, Marc"]
[Result "1-0"]
[WhiteElo "1923"]
[BlackElo "1984"]
[PlyCount "107"]
[EventDate "2018.07.07"]
[EventType "swiss"]
[EventRounds "9"]
[EventCountry "CAN"]
[SourceTitle "EXT 2019"]
[Source "ChessBase"]
[SourceDate "2018.10.10"]
[SourceVersion "1"]
[SourceVersionDate "2018.10.10"]
[SourceQuality "1"]

1. d4 Nf6 2. Nf3 e6 3. Bf4 d5 4. e3 Bd6 5. Bg3 Ne4 6. Nbd2 f5 7. Ne5 0-0 8. Bd3 c5 9. Bxe4 fxe4 10. c3 cxd4 11. cxd4 Nc6 12. Nxc6 bxc6 13. Bxd6 Qxd6 14. f4 exf3 15. Nxf3 Ba6 16. Rc1 Rfc8 17. Rc5 e5 18. Ra5 c5 19. dxe5 Qb6 20. Ra3 d4 21. Qb3+ Qxb3 22. axb3 Rc6 23. Kd2 dxe3+ 24. Kxe3 Rd8 25. Rha1 Rd3+ 26. Ke4 Bb5 27. Rxa7 Rxb3 28. Ra8+ Kf7 29. R1a7+ Kg6 30. Rg8 Kh6 31. Rgxg7 Bd3+ 32. Kd5 Rc8 33. e6 Rxb2 34. Ne5 Bg6 35. Nxg6 hxg6 36. h4 Kh5 37. Rh7+ Kg4 38. Ra4+ Kg3 39. Re4 Rd2+ 40. Ke5 c4 41. Rd7 Rc5+ 42. Kf6 Rf2+ 43. Kg7 c3 44. e7 c2 45. Re1 Rc8 46. Rd8 Rc7 47. Rd3+ Kxh4 48. Rc3 Rxc3 49. e8Q Rc7+ 50. Kh6 c1Q+ 51. Rxc1 Rxc1 52. Qa4+ Kg3 53. Qa3+ Kxg2 54. Qxc1 1-0

[Event "Canadian op"]
[Site "Quebec"]
[Date "2018.07.10"]
[Round "5"]
[White "Cui, Cynthia"]
[Black "Pare, Marc"]
[Result "1-0"]
[WhiteElo "1692"]
[BlackElo "1984"]
[PlyCount "127"]
[EventDate "2018.07.07"]
[EventType "swiss"]
[EventRounds "9"]
[EventCountry "CAN"]
[SourceTitle "EXT 2019"]
[Source "ChessBase"]
[SourceDate "2018.10.10"]
[SourceVersion "1"]
[SourceVersionDate "2018.10.10"]
[SourceQuality "1"]

1. c4 Nf6 2. Nc3 e6 3. e4 d5 4. e5 Nfd7 5. d4 c5 6. cxd5 cxd4 7. Qxd4 exd5 8. Qxd5 Bc5 9. Bc4 0-0 10. Nf3 Nc6 11. 0-0 Be7 12. e6 fxe6 13. Qxe6+ Kh8 14. Qe3 Nb4 15. Qd2 a6 16. a3 Nc6 17. Ne4 Qc7 18. Bb3 Nde5 19. Nxe5 Nxe5 20. Qc3 Nc6 21. Ng5 Bf6 22. Qc2 Bxg5 23. Bxg5 Bf5 24. Qc3 Rae8 25. Rfe1 Re4 26. Re3 Bg6 27. Rg3 Qe5 28. Qxe5 Rxe5 29. Bc4 Rfe8 30. Be3 b5 31. Be2 Ne7 32. Bg4 Bf5 33. h3 Bxg4 34. Rxg4 Nf5 35. Bd2 Kg8 36. Bc3 R5e6 37. a4 bxa4 38. Rgxa4 Ra8 39. Ra5 g6 40. Rd5 Kf7 41. Kf1 Nd6 42. Rda5 Ne4 43. Be1 Rf6 44. Kg1 Rb6 45. f3 Nd6 46. b4 Ke6 47. R5a4 Nb5 48. Bf2 Rb7 49. Rxa6+ Rxa6 50. Rxa6+ Kd5 51. Rb6 Nd6 52. Rxb7 Nxb7 53. Kh2 Kc4 54. Bc5 Nxc5 55. bxc5 Kxc5 56. Kg3 Kd5 57. Kg4 h6 58. h4 Ke5 59. g3 Kf6 60. Kf4 h5 61. Ke4 Ke6 62. g4 g5 63. hxg5 hxg4 64. f4 1-0

[Event "Ste Foy Petrosian"]
[Site "Ste Foy"]
[Date "2018.04.28"]
[Round "4"]
[White "Laflamme, Simon"]
[Black "Pare, Marc"]
[Result "1/2-1/2"]
[WhiteElo "1982"]
[BlackElo "2038"]
[PlyCount "45"]
[EventDate "2018.04.07"]
[EventType "swiss"]
[EventRounds "5"]
[EventCountry "CAN"]
[SourceTitle "EXT 2022"]
[Source "ChessBase"]
[SourceDate "2021.10.06"]
[SourceVersion "1"]
[SourceVersionDate "2021.10.06"]
[SourceQuality "1"]

1. e4 d5 2. exd5 Nf6 3. d4 Nxd5 4. Nf3 g6 5. c4 Nb6 6. c5 Nd5 7. Bc4 Bg7 8. Nc3 c6 9. 0-0 0-0 10. Re1 b6 11. Qb3 e6 12. Ne4 Nd7 13. Bg5 Qc7 14. Rac1 bxc5 15. Bxd5 cxd5 16. Nxc5 Nxc5 17. Rxc5 Qb6 18. Qxb6 axb6 19. Rb5 Rxa2 20. Rxb6 Ra4 21. Be7 Re8 22. Bc5 Rc4 23. b4 1/2-1/2

[Event "Ste Foy Petrosian"]
[Site "Ste Foy"]
[Date "2018.04.21"]
[Round "3"]
[White "Pare, Marc"]
[Black "Desbiens, Raphael"]
[Result "1-0"]
[WhiteElo "2038"]
[BlackElo "2034"]
[PlyCount "31"]
[EventDate "2018.04.07"]
[EventType "swiss"]
[EventRounds "5"]
[EventCountry "CAN"]
[SourceTitle "EXT 2022"]
[Source "ChessBase"]
[SourceDate "2021.10.06"]
[SourceVersion "1"]
[SourceVersionDate "2021.10.06"]
[SourceQuality "1"]

1. e4 e5 2. Nf3 Nc6 3. Bc4 Bc5 4. b4 Bxb4 5. c3 Ba5 6. d4 d6 7. Qb3 Qd7 8. dxe5 Nxe5 9. Nxe5 dxe5 10. 0-0 Bb6 11. Rd1 Qe7 12. Ba3 Qf6 13. Bxf7+ Qxf7 14. Rd8+ Kxd8 15. Qxf7 Ne7 16. Qxe7# 1-0

[Event "Quebec Montcalm op 6 2017-18"]
[Site "Quebec"]
[Date "2018.04.19"]
[Round "5"]
[White "Gaulin, Gaetan"]
[Black "Pare, Marc"]
[Result "1-0"]
[WhiteElo "1906"]
[BlackElo "2038"]
[PlyCount "84"]
[EventDate "2018.03.22"]
[EventType "swiss"]
[EventRounds "5"]
[EventCountry "CAN"]
[SourceTitle "EXT 2022"]
[Source "ChessBase"]
[SourceDate "2021.10.06"]
[SourceVersion "1"]
[SourceVersionDate "2021.10.06"]
[SourceQuality "1"]

1. Nf3 f5 2. d3 Nf6 3. c4 d6 4. g3 e5 5. Nc3 Be7 6. Bg2 0-0 7. 0-0 c6 8. Rb1 a5 9. a3 Na6 10. b4 axb4 11. axb4 Bd7 12. b5 Nc5 13. Qc2 Ne6 14. e3 Kh8 15. Bd2 Qc7 16. Rfc1 Rac8 17. Qb2 Qd8 18. Ra1 Qe8 19. Ra7 Rb8 20. Rca1 Qh5 21. Qc2 Rfc8 22. Qd1 g5 23. Ne1 Qg6 24. bxc6 bxc6 25. Rb1 Bd8 26. Rxb8 Rxb8 27. Qa1 Qe8 28. Ra8 Bc7 29. Rxb8 Qxb8 30. Qa3 Kg7 31. Nc2 Nc5 32. Nb4 e4 33. dxe4 Nfxe4 34. Be1 Qb7 35. Nxe4 fxe4 36. Bc3+ Kf7 37. Bb2 Be6 38. Qc3 Ke7 39. Qg7+ Ke8 40. Bf6 Bf7 41. Bh3 g4 42. Bxg4 Nd7 1-0

[Event "Quebec Montcalm op 4 2017-18"]
[Site "Quebec"]
[Date "2018.02.08"]
[Round "5"]
[White "Sarra Bournet, Marc"]
[Black "Pare, Marc"]
[Result "1-0"]
[WhiteElo "1851"]
[BlackElo "2003"]
[PlyCount "113"]
[EventDate "2018.01.11"]
[EventType "swiss"]
[EventRounds "5"]
[EventCountry "CAN"]
[SourceTitle "EXT 2022"]
[Source "ChessBase"]
[SourceDate "2021.10.06"]
[SourceVersion "1"]
[SourceVersionDate "2021.10.06"]
[SourceQuality "1"]

1. e4 d5 2. exd5 Nf6 3. Nf3 Nxd5 4. d4 g6 5. c4 Nb6 6. Nc3 Bg7 7. c5 Nd5 8. Bc4 c6 9. 0-0 0-0 10. Qb3 e6 11. Bg5 Bf6 12. Bxf6 Qxf6 13. Ne4 Qd8 14. Rfe1 Nd7 15. Nd6 b6 16. Rac1 bxc5 17. Bxd5 cxd5 18. Qa3 cxd4 19. Nxd4 Nb6 20. Nc6 Qf6 21. Rc3 Bd7 22. Rf3 Qg7 23. Ne5 f6 24. Nxd7 Qxd7 25. Rfe3 e5 26. Rd3 Rad8 27. Ne4 Qf7 28. Red1 Rd7 29. Nc5 Re7 30. Qa6 d4 31. b3 Qd5 32. Qa3 Rc7 33. Na6 Rcc8 34. b4 Rf7 35. Nc5 Nd7 36. Nb3 Nf8 37. f3 Ne6 38. Qa6 Rc6 39. Qa4 Rc8 40. R3d2 Kg7 41. Nc1 Rfc7 42. Nd3 Rc3 43. Qxa7+ R8c7 44. Qa4 Qc4 45. Nb2 Qd5 46. Nd3 e4 47. fxe4 Qxe4 48. Re1 Rxd3 49. Rxe4 Rc1+ 50. Kf2 Rxd2+ 51. Re2 Rxe2+ 52. Kxe2 Nf4+ 53. Kd2 Rg1 54. Qa7+ Kh6 55. Qxd4 Rxg2+ 56. Ke3 Rg4 57. Qxf4+ 1-0

[Event "Quebec Montcalm op 4 2017-18"]
[Site "Quebec"]
[Date "2018.01.25"]
[Round "3"]
[White "Chouinard, Etienne"]
[Black "Pare, Marc"]
[Result "1/2-1/2"]
[WhiteElo "1906"]
[BlackElo "2003"]
[PlyCount "119"]
[EventDate "2018.01.11"]
[EventType "swiss"]
[EventRounds "5"]
[EventCountry "CAN"]
[SourceTitle "EXT 2022"]
[Source "ChessBase"]
[SourceDate "2021.10.06"]
[SourceVersion "1"]
[SourceVersionDate "2021.10.06"]
[SourceQuality "1"]

1. e4 d5 2. exd5 Nf6 3. d4 Nxd5 4. c4 Nb6 5. Nc3 g6 6. Be3 Bg7 7. c5 Nd5 8. Nxd5 Qxd5 9. Qf3 Be6 10. b3 Nc6 11. Bb5 0-0-0 12. Bxc6 bxc6 13. 0-0-0 Qxf3 14. Nxf3 Bg4 15. Rd2 Bxf3 16. gxf3 Rd5 17. f4 Rhd8 18. Rhd1 Kd7 19. Kc2 Ke6 20. b4 Kf5 21. Kd3 a5 22. a3 axb4 23. axb4 Bh6 24. Kc4 Bxf4 25. b5 cxb5+ 26. Kxb5 e5 27. Kc4 c6 28. Rd3 h5 29. Ra1 Bxh2 30. Ra6 exd4 31. Bd2 Ke4 32. Rxc6 Ra8 33. Rh3 Ra2 34. Rh4+ Ke5 35. f4+ Kf5 36. Rxh2 Rd8 37. Rc7 f6 38. c6 Rc2+ 39. Kd3 Ra2 40. Rd7 Rc8 41. Kxd4 Rxc6 42. Rd5+ Kg4 43. Kd3 Rcc2 44. Ke3 Kg3 45. Rh1 Kg2 46. Rh4 Kg3 47. Be1+ Kg2 48. Bd2 Kg3 49. Rh1 Rxd2 50. Rxd2 Rxd2 51. Kxd2 Kxf4 52. Ke2 Kg5 53. Kf3 h4 54. Rh2 Kh5 55. Kf4 g5+ 56. Kf5 g4 57. Kf4 h3 58. Kg3 f5 59. Rf2 Kg5 60. Rf1 1/2-1/2

[Event "Quebec Montcalm op 4 2017-18"]
[Site "Quebec"]
[Date "2018.01.18"]
[Round "2"]
[White "Pare, Marc"]
[Black "Lapierre, Gaetan"]
[Result "1-0"]
[WhiteElo "2003"]
[BlackElo "1809"]
[PlyCount "123"]
[EventDate "2018.01.11"]
[EventType "swiss"]
[EventRounds "5"]
[EventCountry "CAN"]
[SourceTitle "EXT 2022"]
[Source "ChessBase"]
[SourceDate "2021.10.06"]
[SourceVersion "1"]
[SourceVersionDate "2021.10.06"]
[SourceQuality "1"]

1. e4 d5 2. exd5 Nf6 3. d4 Nxd5 4. c4 Nf6 5. Nc3 g6 6. Nf3 Bg7 7. Be2 0-0 8. h3 Nbd7 9. 0-0 c5 10. d5 a6 11. Be3 Qc7 12. Qd2 Ne8 13. Rfe1 Nd6 14. Bf4 Nf6 15. Bd3 b6 16. Re2 Bb7 17. Rae1 Rfe8 18. b3 b5 19. cxb5 Bxd5 20. Nxd5 Nxd5 21. Bxd6 Qxd6 22. Be4 Nc3 23. Bxa8 Nxe2+ 24. Qxe2 Rxa8 25. bxa6 e6 26. Rd1 Qxa6 27. Rd8+ Bf8 28. Qxa6 Rxa6 29. a4 c4 30. bxc4 Rxa4 31. c5 Kg7 32. c6 Rc4 33. Ne5 Be7 34. Nxc4 Bxd8 35. Nd6 Kf6 36. Nb5 Ke7 37. c7 Bxc7 38. Nxc7 e5 39. f3 f5 40. Kf2 Kd6 41. Nb5+ Kc5 42. Nc3 Kd4 43. Ne2+ Kd3 44. h4 Kd2 45. Ng3 h5 46. Ne2 Kd3 47. Ng3 Kd2 48. Nf1+ Kd3 49. g3 e4 50. fxe4 fxe4 51. Ne3 Kd2 52. Nd5 Kd3 53. Ke1 e3 54. Nf4+ Ke4 55. Ke2 Kf5 56. Kxe3 g5 57. Ng2 gxh4 58. Nxh4+ Kg4 59. Kf2 Kg5 60. Kf3 Kh6 61. Kf4 Kg7 62. Kg5 1-0

[Event "Quebec Montcalm op 3 2017-18"]
[Site "Quebec"]
[Date "2017.12.07"]
[Round "4"]
[White "Pare, Marc"]
[Black "Perreault, Jacquelin"]
[Result "1-0"]
[WhiteElo "1997"]
[BlackElo "1847"]
[PlyCount "59"]
[EventDate "2017.11.16"]
[EventType "swiss"]
[EventRounds "5"]
[EventCountry "CAN"]
[SourceTitle "EXT 2022"]
[Source "ChessBase"]
[SourceDate "2021.10.06"]
[SourceVersion "1"]
[SourceVersionDate "2021.10.06"]
[SourceQuality "1"]

1. e4 c5 2. c3 Nf6 3. e5 Nd5 4. d4 cxd4 5. Qxd4 e6 6. Bd3 Nc6 7. Qe4 d6 8. f4 g6 9. Nf3 Bg7 10. Nbd2 Qc7 11. Nc4 Nxc3 12. bxc3 d5 13. Qe2 dxc4 14. Bxc4 0-0 15. 0-0 Rd8 16. Bd3 Bd7 17. Ng5 Ne7 18. Ne4 Bc6 19. Ba3 Bxe4 20. Bxe4 Nd5 21. Rac1 Bf8 22. Bxf8 Kxf8 23. c4 Ne7 24. Qf3 Nc6 25. Rb1 Nd4 26. Qh3 Kg8 27. Rxb7 Qxc4 28. Rxf7 Kxf7 29. Qxh7+ Ke8 30. Bxg6+ 1-0

[Event "Quebec Montcalm op 3 2017-18"]
[Site "Quebec"]
[Date "2017.11.16"]
[Round "1"]
[White "Lapierre, Gaetan"]
[Black "Pare, Marc"]
[Result "0-1"]
[WhiteElo "1820"]
[BlackElo "1997"]
[PlyCount "61"]
[EventDate "2017.11.16"]
[EventType "swiss"]
[EventRounds "5"]
[EventCountry "CAN"]
[SourceTitle "EXT 2022"]
[Source "ChessBase"]
[SourceDate "2021.10.06"]
[SourceVersion "1"]
[SourceVersionDate "2021.10.06"]
[SourceQuality "1"]

1. e4 d5 2. exd5 Nf6 3. Nf3 Nxd5 4. d4 g6 5. c4 Nb6 6. Be2 Bg7 7. 0-0 0-0 8. Nc3 Bg4 9. Be3 Nc6 10. d5 Bxf3 11. gxf3 Ne5 12. Bd4 c5 13. Bxc5 Nexc4 14. Bxc4 Nxc4 15. Qe2 Nd6 16. Ne4 Nf5 17. Rfd1 b6 18. Be3 Qd7 19. Ng3 Rad8 20. Rac1 Rfe8 21. Bf4 Nd4 22. Qe4 Qxd5 23. Qxd5 Rxd5 24. Kg2 e5 25. Be3 Red8 26. Rc7 R5d7 27. Rdc1 Ne6 28. Rxd7 Rxd7 29. Ne4 f5 30. Rc8+ Kf7 31. Nc3 0-1

[Event "Quebec Montcalm op 2 2017-18"]
[Site "Quebec"]
[Date "2017.11.09"]
[Round "5"]
[White "Pare, Marc"]
[Black "Cummins, Paul"]
[Result "1-0"]
[WhiteElo "2001"]
[BlackElo "1808"]
[PlyCount "61"]
[EventDate "2017.10.12"]
[EventType "swiss"]
[EventRounds "5"]
[EventCountry "CAN"]
[SourceTitle "EXT 2022"]
[Source "ChessBase"]
[SourceDate "2021.10.06"]
[SourceVersion "1"]
[SourceVersionDate "2021.10.06"]
[SourceQuality "1"]

1. b3 e5 2. Bb2 Nc6 3. e3 d5 4. Bb5 Bd6 5. f4 Qe7 6. Nf3 f6 7. Nc3 Qf7 8. fxe5 fxe5 9. 0-0 Nf6 10. e4 a6 11. Bd3 Nb4 12. Nxd5 Nxd3 13. Nxf6+ gxf6 14. cxd3 Qg7 15. d4 Bg4 16. Qe1 0-0-0 17. dxe5 Bxf3 18. Rxf3 fxe5 19. d3 h5 20. Qg3 Qe7 21. Raf1 Rdf8 22. Rxf8+ Rxf8 23. Rxf8+ Qxf8 24. Bxe5 Bb4 25. d4 Qe8 26. h3 Ba5 27. Qg7 Bb6 28. Kh2 c6 29. Qh7 Bd8 30. Qf5+ Qd7 31. Qxh5 1-0

[Event "Quebec Montcalm op 1 2017-18"]
[Site "Quebec"]
[Date "2017.09.28"]
[Round "4"]
[White "Pare, Marc"]
[Black "Levesque Duchesne, Merlin"]
[Result "0-1"]
[WhiteElo "2040"]
[BlackElo "1697"]
[PlyCount "82"]
[EventDate "2017.09.07"]
[EventType "swiss"]
[EventRounds "5"]
[EventCountry "CAN"]
[SourceTitle "EXT 2022"]
[Source "ChessBase"]
[SourceDate "2021.10.06"]
[SourceVersion "1"]
[SourceVersionDate "2021.10.06"]
[SourceQuality "1"]

1. e4 c5 2. c3 e6 3. d4 d5 4. e5 a6 5. Bd3 Nd7 6. Ne2 Ne7 7. 0-0 Nc6 8. Nd2 Qb6 9. Nf3 Be7 10. b3 cxd4 11. cxd4 0-0 12. Bb1 f6 13. Qd3 g6 14. Bh6 Re8 15. exf6 Bxf6 16. Be3 Qb5 17. Qd2 Qb4 18. Nc3 b6 19. Bc2 Bb7 20. a3 Qe7 21. b4 b5 22. Rfe1 Nb6 23. Bb3 Nc4 24. Bxc4 dxc4 25. Rad1 Rad8 26. Ne4 Rd5 27. Nxf6+ Qxf6 28. Ng5 Qf5 29. f3 e5 30. g4 Qc8 31. Ne4 Rf8 32. Qf2 Nxd4 33. Bxd4 exd4 34. Rxd4 Rd7 35. g5 Bxe4 36. Rdxe4 Rdf7 37. R1e3 c3 38. Qc2 Rxf3 39. Re1 Qf5 40. Qb3+ Kh8 41. Kg2 Rf1 0-1

[Event "Quebec Montcalm op 1 2017-18"]
[Site "Quebec"]
[Date "2017.09.21"]
[Round "3"]
[White "Lapierre, Gaetan"]
[Black "Pare, Marc"]
[Result "0-1"]
[WhiteElo "1862"]
[BlackElo "2040"]
[PlyCount "62"]
[EventDate "2017.09.07"]
[EventType "swiss"]
[EventRounds "5"]
[EventCountry "CAN"]
[SourceTitle "EXT 2022"]
[Source "ChessBase"]
[SourceDate "2021.10.06"]
[SourceVersion "1"]
[SourceVersionDate "2021.10.06"]
[SourceQuality "1"]

1. e4 d5 2. exd5 Nf6 3. d4 Nxd5 4. c4 Nb6 5. Nc3 g6 6. Bf4 Bg7 7. Nf3 Bg4 8. Be5 f6 9. Bf4 Nc6 10. Be3 0-0 11. Be2 f5 12. Ng5 Bxe2 13. Nxe2 Qd7 14. d5 Nd8 15. Bd4 Bf6 16. h4 Nxc4 17. Nf4 e5 18. dxe6 Qxd4 19. Qxd4 Bxd4 20. e7 Re8 21. h5 Rxe7+ 22. Kf1 Nd2+ 23. Kg1 Ne4 24. Nf3 Bxf2+ 25. Kf1 Bb6 26. Rh3 g5 27. Nd5 Rd7 28. Nxb6 axb6 29. Ne5 Rd2 30. Rf3 Rxb2 31. Kg1 f4 0-1

[Event "Quebec Montcalm op 1 2017-18"]
[Site "Quebec"]
[Date "2017.09.07"]
[Round "1"]
[White "Pare, Marc"]
[Black "Cummins, Paul"]
[Result "0-1"]
[WhiteElo "2040"]
[BlackElo "1755"]
[PlyCount "52"]
[EventDate "2017.09.07"]
[EventType "swiss"]
[EventRounds "5"]
[EventCountry "CAN"]
[SourceTitle "EXT 2022"]
[Source "ChessBase"]
[SourceDate "2021.10.06"]
[SourceVersion "1"]
[SourceVersionDate "2021.10.06"]
[SourceQuality "1"]

1. e4 e6 2. Nf3 d5 3. Nc3 Nf6 4. e5 Nfd7 5. d4 c5 6. dxc5 Bxc5 7. Bd3 Nc6 8. Bf4 Qb6 9. 0-0 Qxb2 10. Nb5 0-0 11. Bxh7+ Kxh7 12. Ng5+ Kg6 13. Qd3+ f5 14. Nc7 Ndxe5 15. Qg3 Ng4 16. Rae1 e5 17. Bc1 Qb4 18. c3 Qa5 19. Nge6 Bxe6 20. Nxe6 Kf7 21. h3 Nf6 22. Nxf8 Rxf8 23. Rxe5 Nxe5 24. Qxe5 Re8 25. Qxf5 Qxc3 26. Bg5 Qe5 0-1

[Event "Montcalm-ch"]
[Site "Quebec"]
[Date "2017.05.11"]
[Round "3"]
[White "Pare, Marc"]
[Black "Cournoyer, Dominic"]
[Result "0-1"]
[WhiteElo "2034"]
[BlackElo "1977"]
[PlyCount "70"]
[EventDate "2017.04.27"]
[EventType "tourn"]
[EventRounds "5"]
[EventCountry "CAN"]
[SourceTitle "EXT 2022"]
[Source "ChessBase"]
[SourceDate "2021.10.06"]
[SourceVersion "1"]
[SourceVersionDate "2021.10.06"]
[SourceQuality "1"]

1. e4 d5 2. exd5 Qxd5 3. d4 c5 4. c3 Nf6 5. Nf3 cxd4 6. cxd4 Bg4 7. Be2 e6 8. Nc3 Qd8 9. Qb3 Qb6 10. Bb5+ Nc6 11. Ne5 Rc8 12. 0-0 Bd6 13. Nxg4 Nxg4 14. d5 Bxh2+ 15. Kh1 exd5 16. Nxd5 Qd8 17. g3 0-0 18. Bxc6 Rxc6 19. Kg2 Bxg3 20. fxg3 Re8 21. Nc3 Rce6 22. Bf4 h5 23. Rad1 Qe7 24. Qb5 g6 25. Rd7 Qf8 26. Bc1 a6 27. Qd5 Rf6 28. Rd1 Rf5 29. Qd4 Rf2+ 30. Kg1 Rf3 31. Bf4 g5 32. Bd6 Qh6 33. Ne4 Qg6 34. Nc3 Qc2 35. Qd2 Re1+ 0-1

[Event "Montcalm-ch"]
[Site "Quebec"]
[Date "2017.04.27"]
[Round "1"]
[White "Dube, Daniel"]
[Black "Pare, Marc"]
[Result "1-0"]
[WhiteElo "1950"]
[BlackElo "2034"]
[PlyCount "71"]
[EventDate "2017.04.27"]
[EventType "tourn"]
[EventRounds "5"]
[EventCountry "CAN"]
[SourceTitle "EXT 2022"]
[Source "ChessBase"]
[SourceDate "2021.10.06"]
[SourceVersion "1"]
[SourceVersionDate "2021.10.06"]
[SourceQuality "1"]

1. e4 d5 2. exd5 Nf6 3. d4 Nxd5 4. c4 Nb6 5. Nf3 g6 6. Be2 Bg7 7. 0-0 0-0 8. Nc3 Bg4 9. h3 Bxf3 10. Bxf3 Nc6 11. c5 Nc4 12. d5 Nd4 13. Be2 Ne5 14. Be3 Nxe2+ 15. Qxe2 c6 16. f4 Nd7 17. dxc6 bxc6 18. Rad1 Qc7 19. Qc4 Rab8 20. b4 a5 21. b5 cxb5 22. Nxb5 Qc6 23. Nd4 Qe4 24. Rfe1 Rb4 25. Qc3 Rc8 26. c6 Nb6 27. Qc5 Qd5 28. Nb3 Qxc6 29. Rd8+ Bf8 30. Rxc8 Qxc8 31. Qxa5 e6 32. Bxb6 Qc3 33. Rc1 Qb2 34. Rc8 Rxb3 35. axb3 Kg7 36. Qe5+ 1-0

[Event "Trois-Riveres op"]
[Site "Trois Rivieres"]
[Date "2017.03.19"]
[Round "4.12"]
[White "Pare, Marc"]
[Black "Turcotte, Jonathan"]
[Result "0-1"]
[WhiteElo "2076"]
[BlackElo "2061"]
[PlyCount "90"]
[EventDate "2017.03.17"]
[EventType "swiss"]
[EventRounds "5"]
[EventCountry "CAN"]
[SourceTitle "EXT 2022"]
[Source "ChessBase"]
[SourceDate "2021.10.06"]
[SourceVersion "1"]
[SourceVersionDate "2021.10.06"]
[SourceQuality "1"]

1. e4 c6 2. d4 d5 3. exd5 cxd5 4. Bd3 Nc6 5. c3 Qc7 6. Nf3 Bg4 7. 0-0 e6 8. Nbd2 Bd6 9. h3 Bh5 10. Qe2 Nf6 11. Re1 0-0 12. g4 Bg6 13. Bxg6 hxg6 14. Ne5 Rab8 15. Nf1 b5 16. Ng3 b4 17. Bd2 Rfc8 18. Rac1 Qe7 19. g5 Nd7 20. f4 bxc3 21. bxc3 Na5 22. Rb1 Nb6 23. h4 Nbc4 24. Rxb8 Rxb8 25. Bc1 Nxe5 26. fxe5 Ba3 27. Qc2 Nc4 28. Ne2 Bxc1 29. Nxc1 Qa3 30. Nd3 Qa5 31. Nb4 Rc8 32. Qe2 Qa3 33. Qc2 Nb6 34. Rc1 Na4 35. Rb1 Rxc3 36. Rb3 Rxb3 37. Qxb3 Qc1+ 38. Kf2 Qd2+ 39. Kf3 Nc3 40. a4 Qe2+ 41. Kg3 Ne4+ 42. Kh3 Qf1+ 43. Kh2 Qf2+ 44. Kh3 Qxd4 45. Nc6 Qc5 0-1

[Event "Quebec Montcalm op"]
[Site "Quebec"]
[Date "2017.01.08"]
[Round "5"]
[White "Forget, Luc"]
[Black "Pare, Marc"]
[Result "0-1"]
[WhiteElo "2011"]
[BlackElo "1946"]
[PlyCount "106"]
[EventDate "2017.01.06"]
[EventType "swiss"]
[EventRounds "5"]
[EventCountry "CAN"]
[SourceTitle "EXT 2022"]
[Source "ChessBase"]
[SourceDate "2021.10.06"]
[SourceVersion "1"]
[SourceVersionDate "2021.10.06"]
[SourceQuality "1"]

1. d4 Nf6 2. Nf3 e6 3. c4 b6 4. a3 Bb7 5. Nc3 d5 6. e3 Be7 7. cxd5 exd5 8. Bb5+ Nbd7 9. Ne5 0-0 10. Bc6 Bxc6 11. Nxc6 Qe8 12. Nxe7+ Qxe7 13. 0-0 Rfd8 14. b4 a5 15. Rb1 axb4 16. axb4 Nf8 17. Qf3 Ne6 18. Bd2 Ng5 19. Qe2 Nge4 20. Rfc1 Nxc3 21. Bxc3 Qd7 22. Be1 b5 23. f3 Ne8 24. Bg3 c6 25. Rc5 Ra4 26. Qc2 Qe7 27. Qc3 Rda8 28. Rxc6 Ra3 29. Qc1 Rxe3 30. Be5 Rea3 31. Rc8 f6 32. Rxa8 Rxa8 33. Qc6 Rd8 34. Bg3 Qe3+ 35. Bf2 Qd3 36. Re1 Kf7 37. Qe6+ Kg6 38. h4 h5 39. Qc6 Qc4 40. Qxc4 dxc4 41. d5 Nc7 42. Bb6 Rd7 43. d6 Nd5 44. Bc5 c3 45. Kf2 Nf4 46. Ra1 c2 47. Ke3 Nxg2+ 48. Kd2 Nxh4 49. Ra5 Nxf3+ 50. Kxc2 h4 51. Rxb5 h3 52. Rb8 Kh7 53. Ra8 Ne1+ 0-1